000 nam a22 7a 4500
999 _c9451
_d9451
008 180524b ||||| |||| 00| 0 eng d
020 _a1888996099
082 _21999
_aDC 808.81
_bEd2
100 _928028
_aEdelman, Bart.
245 _aThe Thin Wire/
_cBart Edelman.
260 _aPalmdale, Calif. :
_bRed Hen Press,
_c©1999.
300 _apage 67;
_c22 cm.
500 _aThe Alphabet of Love
650 0 _928029
_aLove
_xPoems.
942 _2ddc
_cDC